[Event "Guwahati Sakatam op 1st"]
[Site "Guwahati"]
[Date "2024.03.26"]
[Round "6"]
[White "Arpan, Das"]
[Black "Arpan, Das Jr"]
[Result "1/2-1/2"]
[WhiteElo "1987"]
[BlackElo "2374"]
[PlyCount "42"]
[EventDate "2024.03.23"]
[EventType "swiss"]
[EventRounds "10"]
[EventCountry "IND"]
[SourceTitle "CB15_2024"]
[SourceDate "2024.04.10"]
[SourceVersion "1"]
[SourceVersionDate "2024.04.10"]
[SourceQuality "1"]

1. d4 d5 2. c4 dxc4 3. e4 b5 4. a4 c6 5. Nc3 b4 6. Nce2 e6 7. Nf3 Ba6 8. Ng3 c5 9. Be3 Nf6 10. Ne5 cxd4 11. Bxd4 Be7 12. Be2 0-0 13. 0-0 Bb7 14. Nxc4 Nc6 15. Be3 Rc8 16. a5 Rc7 17. a6 Bc8 18. Bf4 Rd7 19. Qa4 Nd4 20. Bd1 Bc5 21. Rc1 Qe7 1/2-1/2

[Event "Guwahati Sakatam op 1st"]
[Site "Guwahati"]
[Date "2024.03.25"]
[Round "5"]
[White "Ratul, Majumder"]
[Black "Arpan, Das"]
[Result "0-1"]
[WhiteElo "1577"]
[BlackElo "1987"]
[PlyCount "72"]
[EventDate "2024.03.23"]
[EventType "swiss"]
[EventRounds "10"]
[EventCountry "IND"]
[SourceTitle "CB15_2024"]
[SourceDate "2024.04.10"]
[SourceVersion "1"]
[SourceVersionDate "2024.04.10"]
[SourceQuality "1"]

1. e4 c5 2. Nf3 Nc6 3. d4 cxd4 4. Nxd4 Nf6 5. Nc3 e5 6. Ndb5 d6 7. Bg5 a6 8. Na3 b5 9. Nd5 Be7 10. Bxf6 Bxf6 11. c3 Bg5 12. Be2 0-0 13. Bg4 Be6 14. 0-0 g6 15. Nc2 f5 16. Bh3 Ne7 17. Nxe7+ Qxe7 18. exf5 gxf5 19. Re1 Rad8 20. Nb4 Qb7 21. Qh5 Qg7 22. Nxa6 Rf6 23. Nc7 Bd7 24. Qd1 Rh6 25. Nd5 Rxh3 26. gxh3 Bd2+ 27. Kh1 Bxe1 28. Qxe1 Bc6 29. Qd2 Kh8 30. Rg1 Qf7 31. Rd1 Rg8 32. f3 Qa7 33. b3 Qc5 34. c4 bxc4 35. b4 Bxd5 36. Qxd5 Rg1+ 0-1

[Event "Maharashtra op 2nd"]
[Site "Nagpur"]
[Date "2023.06.04"]
[Round "6"]
[White "Arpan, Das"]
[Black "Sengupta, Deep"]
[Result "0-1"]
[WhiteElo "2042"]
[BlackElo "2473"]
[PlyCount "100"]
[EventDate "2023.06.01"]
[EventType "swiss"]
[EventRounds "11"]
[EventCountry "IND"]
[SourceTitle "CBM 214 Extra"]
[Source "ChessBase"]
[SourceDate "2023.07.31"]
[SourceVersion "1"]
[SourceVersionDate "2023.07.31"]
[SourceQuality "1"]

1. d4 g6 2. c4 Bg7 3. Nc3 c5 4. d5 d6 5. e4 e6 6. Bd3 Ne7 7. Nf3 exd5 8. cxd5 Bg4 9. Bf4 a6 10. Qa4+ Nd7 11. Bxd6 Qb6 12. e5 Qxb2 13. 0-0 Qxc3 14. e6 fxe6 15. Qxg4 Qxd3 16. Qxe6 Bf6 17. Bxe7 Bxe7 18. Rfe1 0-0-0 19. Rad1 Qf5 20. Qxe7 Qf8 21. Qh4 Re8 22. Re6 Qf5 23. Rde1 Rd8 24. d6 Kb8 25. Qa4 Rhf8 26. Qb3 Rf6 27. Rxf6 Qxf6 28. Rd1 Rc8 29. Rb1 b6 30. Qa4 Qf5 31. Re1 Kb7 32. Re7 b5 33. Qd1 Rf8 34. Qe1 Kc6 35. Ne5+ Nxe5 36. Rxe5 Qd3 37. Re7 Rd8 38. h3 Rxd6 39. Qa5 Kd5 40. Rxh7 Qb1+ 41. Kh2 Qb4 42. Qxb4 cxb4 43. Ra7 Kc4 44. Rc7+ Kd4 45. g4 a5 46. h4 a4 47. Rb7 Rd5 48. Rc7 b3 49. axb3 axb3 50. Rc1 b2 0-1

[Event "Raipur Chhattisgarh"]
[Site "Raipur"]
[Date "2022.09.20"]
[Round "2"]
[White "Venkatesh, Marani Rajendran"]
[Black "Arpan, Das"]
[Result "1-0"]
[WhiteElo "2481"]
[BlackElo "2101"]
[PlyCount "103"]
[EventDate "2022.09.19"]
[EventType "swiss"]
[EventRounds "10"]
[EventCountry "IND"]
[SourceTitle "CBM 210 Extra"]
[Source "ChessBase"]
[SourceDate "2022.11.30"]
[SourceVersion "1"]
[SourceVersionDate "2022.11.30"]
[SourceQuality "1"]

1. e4 e5 2. Nf3 Nc6 3. Bb5 Nge7 4. Nc3 Ng6 5. d3 d6 6. Be3 Be7 7. Nd5 a6 8. Ba4 b5 9. Bb3 Na5 10. Qd2 Nxb3 11. axb3 Bb7 12. c4 0-0 13. h4 Bxd5 14. cxd5 Bxh4 15. Ke2 Be7 16. Rh5 Qd7 17. Rah1 f5 18. exf5 Rxf5 19. Rxh7 Raf8 20. Qb4 R5f7 21. Kd2 Qc8 22. R7h5 Rf5 23. Qe4 Rxh5 24. Rxh5 Qe8 25. g4 a5 26. Nh2 Bh4 27. Nf3 Bd8 28. Ng1 c6 29. Ne2 Qf7 30. dxc6 d5 31. Qf5 d4 32. Qxf7+ Kxf7 33. Bg5 Bxg5+ 34. Rxg5 Rc8 35. f4 Nxf4 36. Rxe5 Nxe2 37. Kxe2 Rxc6 38. Rxb5 Re6+ 39. Kd2 Rf6 40. Rxa5 Rf2+ 41. Kc1 Rf1+ 42. Kc2 Rf2+ 43. Kb1 Rd2 44. Rd5 Rxd3 45. Kc2 Rg3 46. Rxd4 Ke6 47. b4 Ke5 48. Rc4 Kd5 49. b3 Rg2+ 50. Kc3 Rg3+ 51. Kb2 Rf3 52. b5 1-0

[Event "Barcelona Sants op-A 23rd"]
[Site "Barcelona"]
[Date "2022.08.23"]
[Round "5"]
[White "Arpan, Das"]
[Black "Avila Pavas, Santiago"]
[Result "1/2-1/2"]
[WhiteElo "2173"]
[BlackElo "2460"]
[PlyCount "44"]
[EventDate "2022.08.19"]
[EventType "swiss"]
[EventRounds "10"]
[EventCountry "ESP"]
[SourceTitle "CBM 209 Extra"]
[Source "ChessBase"]
[SourceDate "2022.09.30"]
[SourceVersion "1"]
[SourceVersionDate "2022.09.30"]
[SourceQuality "1"]

1. e4 c6 2. d4 d5 3. e5 c5 4. dxc5 e6 5. a3 Bxc5 6. Qg4 Ne7 7. Nf3 Ng6 8. Bd3 Nc6 9. b4 Be7 10. Bb2 0-0 11. 0-0 a6 12. Nbd2 b5 13. Nb3 Ra7 14. Rae1 f5 15. Qg3 Qe8 16. Nbd4 Nd8 17. h4 Nh8 18. Ne2 Bd7 19. Nf4 Ng6 20. Ne2 Nh8 21. Nf4 Ng6 22. Ne2 Nh8 1/2-1/2

[Event "Badalona op 46th"]
[Site "Badalona"]
[Date "2022.08.06"]
[Round "5"]
[White "Arpan, Das"]
[Black "Anuj, Shrivatri"]
[Result "1/2-1/2"]
[WhiteElo "2173"]
[BlackElo "2413"]
[PlyCount "39"]
[EventDate "2022.08.02"]
[EventType "swiss"]
[EventRounds "9"]
[EventCountry "ESP"]
[SourceTitle "CBM 209 Extra"]
[Source "ChessBase"]
[SourceDate "2022.09.30"]
[SourceVersion "1"]
[SourceVersionDate "2022.09.30"]
[SourceQuality "1"]

1. e4 c5 2. Nf3 d6 3. d4 cxd4 4. Nxd4 Nf6 5. Nc3 a6 6. Be2 e5 7. Nb3 Be7 8. Be3 Be6 9. Nd5 Nbd7 10. Qd3 0-0 11. 0-0 Bxd5 12. exd5 Rc8 13. c4 a5 14. a4 b6 15. Nd2 Nc5 16. Qc2 g6 17. f4 Nfd7 18. f5 Bg5 19. Ra3 Bxe3+ 20. Rxe3 1/2-1/2

[Event "Badalona op 46th"]
[Site "Badalona"]
[Date "2022.08.03"]
[Round "2"]
[White "Berdayes Ason, Dylan Isidro"]
[Black "Arpan, Das"]
[Result "0-1"]
[WhiteElo "2489"]
[BlackElo "2173"]
[PlyCount "83"]
[EventDate "2022.08.02"]
[EventType "swiss"]
[EventRounds "9"]
[EventCountry "ESP"]
[SourceTitle "CBM 209 Extra"]
[Source "ChessBase"]
[SourceDate "2022.09.30"]
[SourceVersion "1"]
[SourceVersionDate "2022.09.30"]
[SourceQuality "1"]

1. d4 d5 2. c4 e6 3. Nc3 a6 4. cxd5 exd5 5. Nf3 c6 6. Bf4 Bd6 7. Bg3 Ne7 8. e3 0-0 9. Qb3 Nf5 10. Bd3 Nxg3 11. hxg3 g6 12. 0-0-0 Nd7 13. Rh4 Re8 14. e4 Nf8 15. Kb1 b5 16. Qc2 Be6 17. exd5 cxd5 18. Ne2 Qa5 19. Qc1 Bf5 20. Neg1 Rac8 21. Qd2 Bb4 22. Qf4 Bxd3+ 23. Rxd3 Be7 24. Rd1 Bxh4 25. gxh4 Re4 26. Qh6 Qc7 27. Qd2 Qf4 28. Qa5 Re6 29. a3 Qg4 30. g3 Rf6 31. Rd3 Qe4 32. Qd2 Rfc6 33. Ka2 Rc2 34. Qd1 Rc1 35. Qb3 Ne6 36. h5 g5 37. h6 g4 38. Nd2 Qh1 39. Qb4 Rxg1 40. Nb3 Qe4 41. Qd2 Qe1 42. a4 0-1

[Event "Barcelona Sant Marti op-A 22nd"]
[Site "Barcelona"]
[Date "2022.07.21"]
[Round "9"]
[White "Vedant, Nitin Vekhande"]
[Black "Arpan, Das"]
[Result "0-1"]
[WhiteElo "1731"]
[BlackElo "2178"]
[PlyCount "178"]
[EventDate "2022.07.13"]
[EventType "swiss"]
[EventRounds "9"]
[EventCountry "ESP"]
[SourceTitle "CBM 209 Extra"]
[Source "ChessBase"]
[SourceDate "2022.09.30"]
[SourceVersion "1"]
[SourceVersionDate "2022.09.30"]
[SourceQuality "1"]

1. e4 e5 2. Nf3 Nc6 3. Bb5 a6 4. Bxc6 dxc6 5. d4 exd4 6. Qxd4 Qxd4 7. Nxd4 Bd7 8. Be3 0-0-0 9. Nd2 Ne7 10. 0-0-0 Ng6 11. f3 h5 12. Nc4 Be7 13. Rhe1 Rhe8 14. a3 c5 15. Ne2 Bb5 16. Rxd8+ Rxd8 17. Nd2 Nh4 18. Nf4 g5 19. Nd5 Rxd5 20. exd5 Nxg2 21. Bxg5 Bxg5 22. Rg1 Bxd2+ 23. Kxd2 Nf4 24. Rg5 Ng6 25. Rxh5 Kd8 26. b3 Ke7 27. Ke3 Kf6 28. c4 Bd7 29. Ke4 a5 30. a4 Ne7 31. Rh6+ Kg7 32. Rh5 f6 33. Kf4 b6 34. Ke4 Be8 35. Rh3 Bg6+ 36. Ke3 Bc2 37. Rg3+ Kf7 38. Rh3 Bxb3 39. Rh7+ Kf8 40. Kd3 Ba2 41. Kc3 Bb1 42. Rh8+ Ng8 43. Rh4 Bf5 44. Rh5 Bg6 45. Rh8 Kg7 46. Rh4 Bf5 47. Rh5 Ne7 48. Kb3 Bd7 49. Rh4 Nf5 50. Re4 Kf7 51. Ka3 Nd6 52. Rh4 Kg7 53. Kb3 Bc8 54. Kc3 Nf5 55. Re4 Bd7 56. Kb3 Kf7 57. Ka3 Nd4 58. Rh4 Kg8 59. Re4 Nxf3 60. Rf4 Ne5 61. Rxf6 Nxc4+ 62. Kb3 Nd6 63. h4 Kg7 64. Rf1 Be8 65. Re1 Kf8 66. Re5 Nf7 67. Re6 Nd8 68. Re1 Bf7 69. Rf1 Kg7 70. Rg1+ Kf6 71. Kc4 c6 72. Rb1 cxd5+ 73. Kc3 d4+ 74. Kd2 Ke5 75. Rxb6 Kd5 76. Rf6 Kc4 77. Rf5 Kb4 78. h5 c4 79. Rg5 Bxh5 80. Rxh5 Ne6 81. Rd5 Nc5 82. Kd1 d3 83. Rd4 Nxa4 84. Kd2 Nc5 85. Kd1 a4 86. Rd8 c3 87. Kc1 c2 88. Rb8+ Kc3 89. Rc8 d2# 0-1

[Event "BAN-chT 1st League"]
[Site "Dhaka"]
[Date "2021.03.07"]
[Round "11.2"]
[White "Arpan, Das"]
[Black "Hossain, Alamgir"]
[Result "1/2-1/2"]
[WhiteElo "2110"]
[BlackElo "2012"]
[PlyCount "64"]
[EventDate "2021.02.25"]
[EventType "team-tourn"]
[EventRounds "11"]
[EventCountry "BAN"]
[SourceTitle "EXT 2022"]
[Source "ChessBase"]
[SourceDate "2021.10.06"]
[SourceVersion "1"]
[SourceVersionDate "2021.10.06"]
[SourceQuality "1"]
[WhiteTeam "Rupali Bank Krira Parisad"]
[BlackTeam "Khelaghor Daba Sangah"]
[WhiteTeamCountry "BAN"]
[BlackTeamCountry "BAN"]

1. d4 Nf6 2. c4 e6 3. Nc3 d5 4. cxd5 exd5 5. Bg5 c6 6. Qc2 Na6 7. a3 Nc7 8. e3 Bd6 9. Bd3 h6 10. Bh4 Ne6 11. Nge2 Bd7 12. f3 g5 13. Bg3 Bxg3+ 14. Nxg3 c5 15. dxc5 Nxc5 16. Bf5 Rc8 17. Rd1 Ne6 18. Bxe6 fxe6 19. 0-0 Kf7 20. f4 Qb6 21. fxg5 Qxe3+ 22. Kh1 hxg5 23. Rf3 Rxh2+ 24. Kxh2 Rh8+ 25. Nh5 Rxh5+ 26. Kg3 Qe5+ 27. Kf2 Kg7 28. Qe2 Ng4+ 29. Ke1 Rh1+ 30. Kd2 Rxd1+ 31. Kxd1 d4 32. Rg3 Ne3+ 1/2-1/2

[Event "BAN-chT 1st League"]
[Site "Dhaka"]
[Date "2021.03.06"]
[Round "10.2"]
[White "S, M Sharon"]
[Black "Arpan, Das"]
[Result "0-1"]
[WhiteElo "2095"]
[BlackElo "2110"]
[PlyCount "146"]
[EventDate "2021.02.25"]
[EventType "team-tourn"]
[EventRounds "11"]
[EventCountry "BAN"]
[SourceTitle "EXT 2022"]
[Source "ChessBase"]
[SourceDate "2021.10.06"]
[SourceVersion "1"]
[SourceVersionDate "2021.10.06"]
[SourceQuality "1"]
[WhiteTeam "Manha's Castle"]
[BlackTeam "Rupali Bank Krira Parisad"]
[WhiteTeamCountry "BAN"]
[BlackTeamCountry "BAN"]

1. Nf3 c5 2. g3 Nc6 3. Bg2 e5 4. d3 d5 5. 0-0 h6 6. e4 d4 7. Nbd2 g5 8. Nc4 Bg7 9. a4 Nge7 10. Bd2 Ng6 11. Ne1 Qc7 12. Qh5 Be6 13. Bh3 Nd8 14. Ng2 Bxh3 15. Qxh3 Ne6 16. f4 exf4 17. gxf4 gxf4 18. Qf5 Rg8 19. Kh1 Be5 20. Nxe5 Qxe5 21. Qxe5 Nxe5 22. Nxf4 Kd7 23. Nd5 Rg6 24. Rf5 Kd6 25. Raf1 Rag8 26. Nf6 Rc8 27. Nd5 Rcg8 28. Nf6 Rc8 29. b3 Ng7 30. R5f2 Ne6 31. Be1 b6 32. Rf5 Ng7 33. R5f4 Ne6 34. Rh4 Ke7 35. Nd5+ Kf8 36. Bg3 Nc6 37. Rf2 Rd8 38. Rh5 Ng7 39. Rh3 Ne6 40. Bh4 Rd7 41. Rhf3 Ne5 42. Rf5 Ng4 43. R2f3 Ng7 44. Nf6 Rb7 45. Rd5 Nxf6 46. Bxf6 Ne6 47. Rd6 Ke8 48. Rf5 Rd7 49. Rc6 Rc7 50. Rxc7 Nxc7 51. Be5 Na6 52. Rf2 Ke7 53. Bg3 Nb4 54. Kg2 Ke6 55. Re2 Rf6 56. Bh4 Rf4 57. Bg3 Rf6 58. Bh4 Rf4 59. Be1 Nc6 60. Bg3 Rf6 61. Re1 h5 62. Kh3 Ne5 63. Bxe5 Kxe5 64. Re2 Rf4 65. Rg2 Kf6 66. Kg3 Rg4+ 67. Kf3 Rxg2 68. Kxg2 Kg5 69. Kf3 h4 70. h3 a6 71. Kg2 Kf4 72. Kf2 f6 73. Ke2 Kg3 0-1

[Event "BAN-chT 1st League"]
[Site "Dhaka"]
[Date "2021.02.26"]
[Round "2.2"]
[White "Arpan, Das"]
[Black "Arpan, Das Jr"]
[Result "1/2-1/2"]
[WhiteElo "2110"]
[BlackElo "2068"]
[PlyCount "115"]
[EventDate "2021.02.25"]
[EventType "team-tourn"]
[EventRounds "11"]
[EventCountry "BAN"]
[SourceTitle "EXT 2022"]
[Source "ChessBase"]
[SourceDate "2021.10.06"]
[SourceVersion "1"]
[SourceVersionDate "2021.10.06"]
[SourceQuality "1"]
[WhiteTeam "Rupali Bank Krira Parisad"]
[BlackTeam "Sultana Kamal Smirity Pathagar"]
[WhiteTeamCountry "BAN"]
[BlackTeamCountry "BAN"]

1. d4 Nf6 2. c4 g6 3. Nc3 Bg7 4. e4 d6 5. Be2 0-0 6. Be3 e5 7. d5 Nbd7 8. g4 Nc5 9. Bf3 Ne8 10. b4 Na6 11. a3 Qh4 12. Be2 f5 13. gxf5 gxf5 14. Nf3 Qf6 15. exf5 e4 16. Nd4 Bxf5 17. Qd2 c5 18. dxc6 bxc6 19. Rc1 c5 20. Nd5 Qe5 21. Nxf5 Rxf5 22. Bf4 Rxf4 23. Nxf4 Bh6 24. Rg1+ Ng7 25. Qd5+ Qxd5 26. cxd5 Bxf4 27. Rc4 cxb4 28. Rxe4 Bxh2 29. Rh1 Nc5 30. Rh4 bxa3 31. R4xh2 Nb3 32. Bd3 a2 33. Bxh7+ Kf7 34. Ke2 Rc8 35. Rh3 Nc1+ 36. Kd2 a1Q 37. Rf3+ Ke7 38. Re1+ Qe5 39. Rxe5+ dxe5 40. Ra3 Kd6 41. Bc2 Ne2 42. Ra6+ Kxd5 43. Bb3+ Ke4 44. Kxe2 Nf5 45. Bf7 Nd4+ 46. Kf1 Rc7 47. Bg6+ Kf4 48. Bd3 e4 49. Ra4 Kf3 50. Bc4 Rb7 51. Be2+ Nxe2 52. Ra3+ Nc3 53. Rxc3+ Kf4 54. Ra3 Ke5 55. Ke2 Kd4 56. Ra4+ Kd5 57. Ke3 Rb3+ 58. Ke2 1/2-1/2

[Event "India Cities-ch 19th"]
[Site "Khalpara"]
[Date "2018.08.04"]
[Round "6.4"]
[White "Sougata, Singha"]
[Black "Arpan, Das"]
[Result "0-1"]
[WhiteElo "1378"]
[BlackElo "2171"]
[PlyCount "64"]
[EventDate "2018.08.01"]
[EventType "team-swiss"]
[EventRounds "7"]
[EventCountry "IND"]
[SourceTitle "CBM 186 Extra"]
[Source "ChessBase"]
[SourceDate "2018.08.24"]
[SourceVersion "1"]
[SourceVersionDate "2018.08.24"]
[SourceQuality "1"]
[WhiteTeam "Jalpaiguri Kings"]
[BlackTeam "Kolkata City"]
[WhiteTeamCountry "IND"]
[BlackTeamCountry "IND"]

1. Nf3 d5 2. g3 Nc6 3. d4 Bg4 4. Bg2 Qd7 5. Bf4 0-0-0 6. h3 Bxf3 7. Bxf3 Kb8 8. Qd3 f6 9. Bg4 e6 10. Nc3 h5 11. Bf3 e5 12. dxe5 fxe5 13. Bg5 e4 14. Nxe4 dxe4 15. Qxe4 Nf6 16. Bxf6 gxf6 17. 0-0 Qxh3 18. Bg2 Qg4 19. Qe3 Nd4 20. Rad1 Bc5 21. Bf3 Qxg3+ 22. fxg3 Nxf3+ 23. exf3 Bxe3+ 24. Kg2 Kc8 25. Rde1 Rd2+ 26. Kh3 Bc5 27. a3 Rxc2 28. Rc1 Rxc1 29. Rxc1 Bd6 30. Rc3 Kd7 31. Re3 c5 32. Kh4 b5 0-1